000 00351nam a2200133Ia 4500
008 100328s9999 xx 000 0 und d
082 _b33556
100 _aदेसाई रणजित
245 _aअभोगी
260 _bअजब पुस्तकालय
630 _aअभोगी
730 _aअभोगी
942 _cBOOK
999 _c523965
_d523962